|
|
|
|
| LEADER |
00000nam0a2200000 4500 |
| 001 |
271082 |
| 005 |
20231101234413.0 |
| 035 |
|
|
|a (RuTPU)RU\TPU\book\294263
|
| 090 |
|
|
|a 271082
|
| 100 |
|
|
|a 20141003d1987 km y0rusy50 ca
|
| 101 |
0 |
|
|a rus
|
| 102 |
|
|
|a RU
|
| 105 |
|
|
|a a z 000zy
|
| 200 |
1 |
|
|a Архитектура: работы проектных и научных институтов Москвы 1979-1983 гг.
|f под ред. В. В. Степанова
|
| 210 |
|
|
|a Москва
|c Стройиздат
|d 1987
|
| 215 |
|
|
|a 339 с.
|c ил.
|
| 606 |
1 |
|
|a Архитектура советская
|2 stltpush
|3 (RuTPU)RU\TPU\subj\29472
|9 52789
|
| 610 |
1 |
|
|a Москва
|
| 610 |
1 |
|
|a генеральный план
|
| 610 |
1 |
|
|a реконструкция
|
| 610 |
1 |
|
|a промышленные комплексы
|
| 610 |
1 |
|
|a культурно-бытовые комплексы
|
| 610 |
1 |
|
|a памятники
|
| 610 |
1 |
|
|a реставрация
|
| 675 |
|
|
|a 72.036
|v 3
|
| 702 |
|
1 |
|a Степанов
|b В. В.
|4 340
|
| 801 |
|
1 |
|a RU
|b 63413507
|c 20141003
|
| 801 |
|
2 |
|a RU
|b 63413507
|c 20161207
|g RCR
|
| 942 |
|
|
|c BK
|